L'architecture du Vme au XVIIme siècle et les arts qui en dépendent:la sculpture, la peinture murale, la peinture sur verre, la mosaïque, la ferronnerie, etc / (Record no. 54816)

MARC details
000 -LEADER
campo de control de longitud fija 00887nam a22002175i 4500
001 - NÚMERO DE CONTROL
campo de control 54816
003 - IDENTIFICADOR DE NÚMERO DE CONTROL
campo de control ES-MaACL
005 - FECHA Y HORA DE LA ÚLTIMA TRANSACCIÓN
campo de control 20240229195308.0
007 - CAMPO FIJO DE DESCRIPCIÓN FÍSICA--INFORMACIÓN GENERAL
campo de control de longitud fija t|
008 - DATOS DE LONGITUD FIJA--INFORMACIÓN GENERAL
campo de control de longitud fija 960730s1858 fr ||||1| fre d
040 ## - FUENTE DE CATALOGACIÓN
Centro catalogador/agencia de origen CAM
Lengua de catalogación spa
Centro/agencia transcriptor CAM
100 1# - ENTRADA PRINCIPAL--NOMBRE DE PERSONA
Nombre de persona Gailhabaud, Jules.
9 (RLIN) 53247
245 12 - MENCIÓN DEL TÍTULO
Título L'architecture du Vme au XVIIme siècle et les arts qui en dépendent:la sculpture, la peinture murale, la peinture sur verre, la mosaïque, la ferronnerie, etc /
Mención de responsabilidad, etc. publiés d'après les travaux inédits des principaux architectes francais et étrangers par Jules Gailhabaud.
260 ## - PUBLICACIÓN, DISTRIBUCIÓN, ETC.
Lugar de publicación, distribución, etc. Paris :
Nombre del editor, distribuidor, etc. Guide,
Fecha de publicación, distribución, etc. 1858
Fabricante (Imprimerie de J. Claye)
300 ## - DESCRIPCIÓN FÍSICA
Extensión 4 v. :
Otras características físicas il. ;
Dimensiones 33 cm.
650 14 - PUNTO DE ACCESO ADICIONAL DE MATERIA--TÉRMINO DE MATERIA
Término de materia o nombre geográfico como elemento de entrada Arquitectura-
Subdivisión de forma Historia
9 (RLIN) 9995
852 ## - LOCALIZACIÓN
Ubicación ES-MaACL
Número de control de estantería D-29-32
Nota libre Falta v.5 (D-32 bis), recuento octubre 2023
942 ## - ELEMENTOS DE ENTRADA SECUNDARIOS (KOHA)
Fuente del sistema de clasificación o colocación Clasificación decimal universal
Holdings
Estatus retirado Estado de pérdida Fuente del sistema de clasificación o colocación Estado de daño No para préstamo Colección Biblioteca de origen Biblioteca actual Ubicación en estantería Fecha de adquisición Total de préstamos Signatura topográfica completa Código de barras Visto por última vez Precio de reemplazo Tipo de ítem Koha
    Clasificación decimal universal     Libros del s. XIX Biblioteca del Ateneo de Madrid Biblioteca del Ateneo de Madrid Sala Valle Inclán 17/01/2008   D-29-32 bis 901057601 23/02/2023 23/02/2023 Libro impreso antiguo